Las políticas sociales en América Central a la Hora de la mundialización /

Este ensayo consta de tres partes, a saber: caracterización del fenómeno de la globalización o mundialización, definir las consecuencias que la globalización tiene y finalmente se realizan siete proposiciones, sobre las que se podría hacer frente a una perspectiva para enfrentar este fenómeno, frent...

Popoln opis

Shranjeno v:
Bibliografske podrobnosti
Glavni avtor: Herrera Balharry, Eugenio
Drugi avtorji: comp
Format: Neznan
Jezik:Spanish
Izdano: San José: Friedrich Ebert Stiftung
Teme:
Oznake: Označite
Brez oznak, prvi označite!

MARC

LEADER 00000 a2200000 04500
001 34551
003
008 050621s1999 cr spa d
040
020 |a 9977-961-28-X  
090 |a 0001 H564p  
100 |a Herrera Balharry, Eugenio  
245 |a Las políticas sociales en América Central a la Hora de la mundialización /  |c Eugenio Herrera Balharry 
260 |a San José:   |b Friedrich Ebert Stiftung  
300 |a 148 p.  
520 |a Este ensayo consta de tres partes, a saber: caracterización del fenómeno de la globalización o mundialización, definir las consecuencias que la globalización tiene y finalmente se realizan siete proposiciones, sobre las que se podría hacer frente a una perspectiva para enfrentar este fenómeno, frente a una perspectiva centroamericana  
650 |a GLOBALIZACION  
650 |a CONSECUENCIAS SOCIALES  
650 |a CONSECUENCIAS ECONOMICAS  
650 |a INFORMATICA  
650 |a ROBOTICA  
650 |a BIOTECNOLOGIA  
700 |a comp.  
999 |c 12320  |d 12320